Implementación de un sistema de gestión de la seguridad de la información basado en ISO 27001:2013 en la DGI

Analiza la situación de la seguridad de la información institucional, políticas, planes y proyectos, así como controles de seguridad existentes en el área de tecnología de la Dirección General de Ingreso, específicamente al área del sistema de Ventanilla Electrónica Tributaria, que es la a...

Full description

Bibliographic Details
Main Author: Herrera Palacios, José Antonio
Other Authors: Tutor: Álvarez, Héctor
Format: Tesis Section = Libro
Language:Undetermined
Spanish
Published: Managua UNI 2015
Subjects:
LEADER 01418nam a2200265Ia 4500
008 240830s9999 xx 000 0 und d
040 |a BIBLIOTECA-RUPAP M.Mon 005.8 H565 
041 |a spa 
082 |a M.Mon 005.8 H565 
100 1 |a Herrera Palacios, José Antonio 
245 1 0 |a Implementación de un sistema de gestión de la seguridad de la información basado en ISO 27001:2013 en la DGI 
260 |a Managua  |b UNI  |c 2015 
300 |a 89 p. :il. 
500 |a Contiene: anexos e Incluye: CD. 
502 |a Tesis (Máster en Gestión de Tecnologías de la Información y Comunicación)- UNI, 2015. 
520 3 |a Analiza la situación de la seguridad de la información institucional, políticas, planes y proyectos, así como controles de seguridad existentes en el área de tecnología de la Dirección General de Ingreso, específicamente al área del sistema de Ventanilla Electrónica Tributaria, que es la aplicación de mayor importancia de los sistemas tributarios de la institución, basado en los estándares internacionales de la normativa ISO/IEC 270013 y mejores prácticas. 
650 7 |a SEGURIDAD DE LOS DATOS EN COMPUTADORES 
650 7 |b SISTEMAS DE INFORMACION-MEDIDAS DE SEGURIDAD 
650 7 |c POLITICAS DE SEGURIDAD 
650 7 |d CALIDAD DE SERVICIO 
650 7 |e NORMA ISO 
700 1 |a Tutor:  |b Álvarez, Héctor 
942 |c BK  |2 ddc 
991 |a TESIS 
999 |c 15172